000 01548nam a22002417a 4500
999 _c57340
_d57340
003 Ge_BSU
005 20200527125739.0
008 200527s2017 ge ||||| |||| 00| 0 geo d
020 _a9789941457685
041 _ageo
080 _a159.964.2 ტ-68
100 _aტომე, ჰელმუტ
_98208
245 _aფსიქოანალიტიკური თერაპია :
_bსაფუძვლები /
_cჰელმუტ ტომე, ჰორსტ კეხელე ; ანდრეას ბილგერის, ანა ბუხჰაიმის, მანფრედ ცირპკას [და სხვ.] მონაწილეობით ; სამეცნ. რედაქტორი ხათუნა ივანიშვილი ; ყდის დიზაინი გიორგი ბაგრატიონი.
264 _aთბილისი :
_b ნეკერი,
_c2017.
300 _a488 გვ. ;
_b 25 სმ.
500 _aყდაზე გამოყენებულია ნუცა ესებუას კომპოზიცია.
504 _aბიბლიოგრ.: გვ. 442-488.
653 _aფსიქოანალიზი
700 _a კეხელე, ჰორსტ
_eავტორი
_98209
700 _aივანიშვილი, ხათუნა
_eრედაქტორი
_98210
700 _aბაგრატიონი, გიორგი
_eყდის დიზაინერი
_95945
942 _2udc
_cBK